Normal view
MARC view
Entry Personal Name
001 - CONTROL NUMBER
- control field: 18719
003 - CONTROL NUMBER IDENTIFIER
- control field: TZ-ArACH
005 - DATE AND TIME OF LATEST TRANSACTION
- control field: 20160630192119.0
008 - FIXED-LENGTH DATA ELEMENTS
- fixed length control field: 160630|||a|||||| | ||| d
040 ## - CATALOGING SOURCE
- Original cataloging agency: TZ-ArACH
- Transcribing agency: TZ-ArACH
100 ## - HEADING--PERSONAL NAME
- Personal name: Edwards, Alicia Betsy.
670 ## - SOURCE DATA FOUND
- Source citation: Work cat.: (TZ-ArACH)3303: Edwards, Alicia Betsy., Practice of court interpreting /, 1995.
670 ## - SOURCE DATA FOUND
- Source citation: Work cat.: (TZ-ArACH)3303: Edwards, Alicia Betsy., Practice of court interpreting /, 1995.
